[Event "Girona Province-chB"]
[Site "Figueres"]
[Date "2009.11.22"]
[Round "8"]
[White "Paredes Rubio, Nicolas"]
[Black "Suita Rodriguez, Natalia"]
[Result "1-0"]
[WhiteElo "1796"]
[BlackElo "1801"]
[PlyCount "105"]
[EventDate "2009.10.04"]
[EventType "swiss"]
[EventRounds "8"]
[EventCountry "ESP"]
[SourceTitle "EXT 2019"]
[Source "ChessBase"]
[SourceDate "2018.10.10"]
[SourceVersion "1"]
[SourceVersionDate "2018.10.10"]
[SourceQuality "1"]

1. e4 e6 2. Nc3 d5 3. exd5 exd5 4. Qf3 Nf6 5. d4 Bb4 6. Bd2 0-0 7. 0-0-0 Bg4 8. Qg3 Bxd1 9. Kxd1 Bxc3 10. Bxc3 Ne4 11. Qf3 Nd7 12. Bd3 Ndf6 13. Nh3 Re8 14. g4 Qd7 15. Rg1 h6 16. g5 hxg5 17. Nxg5 Nxg5 18. Rxg5 Ne4 19. Rh5 Qe6 20. Re5 Qg6 21. Ke2 f6 22. Rxe8+ Rxe8 23. Kf1 Kf7 24. Qf4 Re7 25. f3 Qh5 26. fxe4 Qh3+ 27. Kg1 dxe4 28. Bc4+ Kf8 29. Bb4 Qd7 30. Qxe4 f5 31. Bxe7+ Qxe7 32. Qxe7+ Kxe7 33. Kf2 Kf6 34. Kf3 g5 35. h3 Kg6 36. Bd3 Kf6 37. c4 b6 38. b4 a6 39. a4 a5 40. bxa5 bxa5 41. c5 Kg6 42. Kg3 Kf6 43. h4 gxh4+ 44. Kxh4 c6 45. Kg3 Ke6 46. Bc4+ Kf6 47. Kf4 Kg6 48. Ba6 Kf6 49. Bb7 Ke6 50. Bxc6 Kf6 51. d5 Kg6 52. d6 Kf6 53. Bd5 1-0

[Event "Gironi-ch A"]
[Site "Sant Gregori"]
[Date "2007.10.21"]
[Round "3.9"]
[White "Sanchez Luque, Juan"]
[Black "Paredes Rubio, Nicolas"]
[Result "0-1"]
[WhiteElo "1994"]
[BlackElo "1950"]
[PlyCount "92"]
[EventDate "2007.10.07"]
[EventType "swiss"]
[EventRounds "8"]
[EventCountry "ESP"]
[SourceTitle "EXT 2024"]
[Source "ChessBase"]
[SourceDate "2023.10.10"]
[SourceVersion "1"]
[SourceVersionDate "2023.10.10"]
[SourceQuality "1"]

1. e4 e5 2. Nf3 Nc6 3. Bb5 Bd6 4. d4 exd4 5. Nxd4 Nxd4 6. Qxd4 Qf6 7. Qd3 Ne7 8. Nc3 a6 9. Bc4 b5 10. Bb3 Bb7 11. f4 Bc5 12. Bd2 0-0-0 13. 0-0-0 Rhf8 14. e5 Qf5 15. Qg3 Qg6 16. Qxg6 fxg6 17. h4 Bxg2 18. Rh2 Bf3 19. Re1 Nf5 20. Ne4 Bxe4 21. Rxe4 Ng3 22. Re1 Nf5 23. h5 Nd4 24. Bd5 gxh5 25. c3 Ne6 26. Rxh5 h6 27. f5 c6 28. fxe6 cxd5 29. exd7+ Kxd7 30. e6+ Ke7 31. b4 Ba7 32. Kc2 Rf6 33. Rhe5 Bb8 34. R5e2 Rd6 35. Be3 Rdxe6 36. Bd4 Rxe2+ 37. Rxe2+ Re6 38. Rxe6+ Kxe6 39. Bxg7 h5 40. Kd3 Be5 41. Bh6 Kf5 42. Bd2 Kg4 43. Ke2 Bg3 44. Be3 h4 45. Bg1 Kf4 46. Kd3 Ke5 0-1